I wonder why the sea is salty and other questions about the ocean / (Record no. 14378)

MARC details
000 -LEADER
fixed length control field 02728cam a2200457 a 4500
005 - DATE AND TIME OF LATEST TRANSACTION
control field 20080710142538.0
008 - FIXED-LENGTH DATA ELEMENTS--GENERAL INFORMATION
fixed length control field 080710t xxu||||| |||| 00| 0 eng d
010 ## - LCCN (DPL NO)
LC control number B-270042-052
020 ## - INTERNATIONAL STANDARD BOOK NUMBER
International Standard Book Number 0753405172
035 ## - SYSTEM CONTROL NUMBER
System control number B-270042-052
037 ## - SOURCE OF ACQUISITION
Source of stock number/acquisition Grolier International/27.5.08/12/8.4.08/5.6.08/10312.50(set of 24 vol.)/
040 ## - CATALOGING SOURCE
Original cataloging agency DPL
Language of cataloging EN
082 ## - DEWEY DECIMAL CLASSIFICATION NUMBER
Classification number 551.46
100 ## - MAIN ENTRY--PERSONAL NAME
Personal name Ganeri, Anita,
245 ## - TITLE STATEMENT
Title I wonder why the sea is salty and other questions about the ocean /
Statement of responsibility, etc by Anita Ganeri.
260 ## - PUBLICATION, DISTRIBUTION, ETC. (IMPRINT)
Place of publication, distribution, etc London
Name of publisher, distributor, etc Kingfisher,
Date of publication, distribution, etc 2007
270 ## - ADDRESS
Address New Penderel Houes, 283-288 High Holborn,
City London
300 ## - PHYSICAL DESCRIPTION
Extent 32 p. :
Other physical details col. ill. ;
Dimensions 29 cm.
490 ## - SERIES STATEMENT
Series statement I wonder why
500 ## - GENERAL NOTE
General note Includes index.
650 ## - SUBJECT ADDED ENTRY--TOPICAL TERM
Topical term or geographic name as entry element Ocean
General subdivision Juvenile literature.
650 ## - SUBJECT ADDED ENTRY--TOPICAL TERM
Topical term or geographic name as entry element Marine ecology
General subdivision Juvenile literature.
650 ## - SUBJECT ADDED ENTRY--TOPICAL TERM
Topical term or geographic name as entry element Marine animals
General subdivision Juvenile literature.
650 ## - SUBJECT ADDED ENTRY--TOPICAL TERM
Topical term or geographic name as entry element Ocean
General subdivision Miscellanea.
650 ## - SUBJECT ADDED ENTRY--TOPICAL TERM
Topical term or geographic name as entry element Marine ecology
General subdivision Miscellanea.
650 ## - SUBJECT ADDED ENTRY--TOPICAL TERM
Topical term or geographic name as entry element Ecology
General subdivision Miscellanea.
650 ## - SUBJECT ADDED ENTRY--TOPICAL TERM
Topical term or geographic name as entry element Marine animals
General subdivision Miscellanea.
650 ## - SUBJECT ADDED ENTRY--TOPICAL TERM
Topical term or geographic name as entry element Questions and answers.
830 ## - SERIES ADDED ENTRY--UNIFORM TITLE
Uniform title I wonder why (New York, N.Y.)
856 ## - ELECTRONIC LOCATION AND ACCESS
Materials specified Publisher description
Uniform Resource Identifier <a href="http://www.loc.gov/catdir/description/hm021/94030260.html">http://www.loc.gov/catdir/description/hm021/94030260.html</a>
942 ## - ADDED ENTRY ELEMENTS (KOHA)
Source of classification or shelving scheme Dewey Decimal Classification
Item type Children Books
Classification part 551.46
Call number suffix GAN
Holdings
Withdrawn status Lost status Damaged status Not for loan Collection code Home library Current library Date acquired Cost, normal purchase price Total Checkouts Full call number Barcode Date last seen Copy number Cost, replacement price Koha item type Source of classification or shelving scheme Source of acquisition
        Reference Central Library Central Library 10/07/2008 10312.50   551.46 / IWO B-270047 15/09/2008 1 10312.50 Children Books    
        Reference Jor Bagh (Children Lib) Jor Bagh (Children Lib) 10/07/2008 10312.50   551.46 / IWO B-270050 15/09/2008 1 10312.50 Children Books    
        Reference Karol Bagh Karol Bagh 10/07/2008 10312.50   551.46 / IWO B-270051 15/09/2008 1 10312.50 Children Books    
        Reference Patel Nagar Patel Nagar 10/07/2008 10312.50   551.46 / IWO B-270048 15/09/2008 1 10312.50 Children Books    
        Reference Sarojini Nagar Sarojini Nagar 10/07/2008 10312.50   551.46 / IWO B-270049 15/09/2008 1 10312.50 Children Books    
        Reference Shahdara Branch Shahdara Branch 10/07/2008 10312.50 9 551.46 / IWO B-270052 25/02/2022 1 10312.50 Children Books    
      Not For Loan Reference Vinoba Puri Vinoba Puri 26/09/2008 10312.00   551.46 GAN B-285164 26/09/2008 1 10312.00 Children Books Dewey Decimal Classification Grolier/G-07-0231/23.7.08/199/21.7.08/11.9.08

© Delhi Public Library
Hit Counter
free hit counter